| 000 | 00989nam a22003377a 4500 | ||
|---|---|---|---|
| 001 | 0009149 | ||
| 003 | KOHA_MİRAKIL | ||
| 005 | 20260207001700.0 | ||
| 007 | ta | ||
| 008 | 091016b2004 tu |||gr||||#||||0|tur | | ||
| 020 | _a9756201010 | ||
| 040 |
_aTR-BiSEU _btur _cTR-BiSEU _erda |
||
| 041 | 0 | _atur | |
| 044 | _ctu | ||
| 050 |
_aH97 _b.S38 2004 |
||
| 100 | 1 | _aSchröder, Peter. | |
| 245 | 1 |
_aSiyasi stratejiler/ _cPeter Schröder ; Peter Schröder; çeviren Şeyma Akın, M. Ali Can. |
|
| 264 | 1 |
_aAnkara : _bLiberte _c2004 |
|
| 300 | _a372 sayfa | ||
| 336 |
_ametin _btxt _2rdacontent |
||
| 337 |
_aaracısız _bn _2rdamedia |
||
| 338 |
_acilt _bnc _2rdacarrier |
||
| 490 | 1 |
_aLiberte yayınları ; _v112. |
|
| 500 | _aKaynakça var. | ||
| 650 | 0 |
_aSiyasal planlama. _922783 |
|
| 650 | 0 |
_aSiyasal liderlik. _922784 |
|
| 650 | 0 |
_aPolitical planning. _922785 |
|
| 650 | 0 |
_aPolitical leadership. _922786 |
|
| 830 | 1 |
_aLiberte yayınları ; _v112. _97632 |
|
| 942 |
_2lcc _cBK |
||
| 999 |
_c9121 _d9121 |
||